| 000 | 01036nam0a22002771 4500 | ||
|---|---|---|---|
| 001 | rc\787601 | ||
| 005 | 20250622132704.0 | ||
| 035 | _a(NLR Aleph) 006313072 | ||
| 090 |
_a7372476 _c7372476 |
||
| 100 | _a20040301d1984 |||y0rusy50 ca | ||
| 101 | 0 | _arus | |
| 102 | _aRU | ||
| 105 | _ay ||||||||| | ||
| 200 | 1 |
_aНовый колодец _eСтихи _fПер. с молд. Артура Корнеева |
|
| 210 |
_aМ. _cСов. писатель _d1984 |
||
| 215 |
_a71 с. _d17 |
||
| 327 | 0 | _aЦиклы: Сквозь времена года; Солнечный ветер; Цветы любви | |
| 464 | 0 |
_12001#$aСквозь времена года _tСквозь времена года |
|
| 464 | 0 |
_12001#$aСолнечный ветер _tСолнечный ветер |
|
| 464 | 0 |
_12001#$aЦветы любви _tЦветы любви |
|
| 700 | 1 |
_aДарие _bП.Д. _f1930- _gПавел Дмитриевич |
|
| 801 | 0 |
_aRU _bNLR _gpsbo |
|
| 801 | 1 |
_aRU _bELAR _2rusmarc |
|
| 852 |
_aNLR _j85-2/864 |
||
| 942 | _cBOOK | ||
| 980 | _aNB | ||